| 000 | 01193cas a2200409 a 4500 | ||
|---|---|---|---|
| 001 | 12980289 | ||
| 003 | NUST | ||
| 005 | 20210505111845.0 | ||
| 008 | 021024c20029999pk mr p w 0 0eng | ||
| 010 | _a 2002343159 | ||
| 035 | _a(OCoLC)ocm50855385 | ||
| 038 | _aAtta | ||
| 040 |
_aDLC _beng _cDLC _dOCLCQ _dOCLCF _dOCLCO _dOCLCA |
||
| 042 | _apcc | ||
| 043 | _aa-pk--- | ||
| 050 | 0 | 0 |
_aKPL954.A48 _bC67 |
| 082 | _aVol- | ||
| 245 | 0 | 0 |
_aCorporate law decisions : _bCLD. |
| 246 | 3 | _aLaw decisions | |
| 246 | 1 | 7 | _aCorporate law decisions journal |
| 246 | 3 | 0 | _aCLD |
| 260 |
_aLahore : _bPLD Publishers, _c2002- |
||
| 300 |
_av. ; _c26 cm. |
||
| 310 | _aMonthly | ||
| 362 | 0 | _aVol. 1, pt. 1 (Jan. 2002)- | |
| 500 | _aTitle from cover. | ||
| 563 | _aPBK | ||
| 650 | 0 |
_aCorporation law _zPakistan _vCases. _955112 |
|
| 650 | 7 |
_aCorporation law. _2fast _0(OCoLC)fst00879728 _955113 |
|
| 651 | 7 |
_aPakistan. _2fast _0(OCoLC)fst01210275 |
|
| 655 | 7 |
_aTrials, litigation, etc. _2fast _0(OCoLC)fst01423712 _955114 |
|
| 710 | 2 |
_aP.L.D. Publishers. _955115 |
|
| 906 |
_a7 _bcbc _cserials _d3 _encip _f20 _gn-oclcserc |
||
| 942 |
_2ddc _cCR |
||
| 999 |
_c566052 _d566052 |
||